00897nam a22001937a 4500003000900000005001700009008004100026040001300067245002200080250000600102260003200108300001700140490000600157520031100163942001200474999001700486952010000503952010000603IT-RoPau20220918175938.0130115b xxu||||| |||| 00| 0 eng d cIT-RoPau aTestimoni Paolini aI aRomabPostulazione Generale a16 p.c22 cm vI a Testimoni Paolini Nel silenzio di una notte Servo di Dio Sac. Giacomo Alberione Servo di Dio Sac. Timoteo Giaccardo Servo di Dio Apostolo Maggiorino Vigolungo Serva di Dio Suor Tecla Merlo Servo di Dio Apostolo Riccardo Andrea M. Borello Servo di Dio Sac. Francesco Chiesa 2ddccBK c37756d37756 00102ddc406P_B371aPAULUSbPAULUSd2013-01-15l0oP B3r2013-01-15 00:00:00w2013-01-15yBK 00102ddc406P_B371aPAULUSbPAULUSd2013-01-15l0oP B3r2013-01-15 00:00:00w2013-01-15yBK